00421 a2200121 450000500170000002000220001708200210003910000210006024500820008126000480016330000710021170000170028220250613080123.0 a978-0-470-22682-7 aLECT 658.404 MOR aMORRIS, P. W. G. aThe Wiley Guide to Project Technology, Supply Chain & Procurement Management. aNew Jersey,bJohn Wiley & Sons, INC.c2007. axxvii, 380p.: ill.; chart, figure, tablebIndex & Referencec24cm. aPINTO, J. K.